World of tanks blitz: Japan - Statistics

General Stats
  • This quiz has been taken 7 times
  • The average score is 19 of 26
Answer Stats
Tier Type Tank % Correct
3 medium Chi-Ha
100%
1 light Ha-Go
100%
4 medium Chi-He
83%
5 medium Chi-Nu
83%
7 medium Chi-Ri
83%
8 heavy Chi-Se
83%
6 medium Chi-To
83%
10 td Ho-Ri
83%
4 light Ke-Ho
83%
3 light Ke-Ni
83%
5 heavy Mitsu 108
83%
9 heavy Type 68
83%
10 heavy Type 71
83%
2 medium Chi-Ni
67%
7 td Chi-To SPG
67%
8 td Ho-Ri T.I
67%
9 td Ho-Ri T.II
67%
6 heavy Ju-Nu
67%
3 light Ke-Ni Otsu
67%
10 medium STB-1
67%
8 heavy Type 57
67%
9 medium Type 61
67%
5 medium Chi-Nu Kai
50%
7 heavy Ju-To
50%
8 medium STA-1
50%
8 td Ka-Ri
33%
No matching quizzes found
Score Distribution
Percent of People with Each Score
Percentile by Number Answered
Your Score History
You have not taken this quiz